000 00662cam a22002058i 4500
999 _c119433
_d119433
001 20520428
005 20201021100108.0
008 180529s2019 nju b 001 0 eng
020 _a9781119465812 (hardcover)
040 _cPK-LaUMT
082 0 0 _a519.53
_223
_bDEN-S
100 1 _aDenis, Daniel J.
245 1 0 _aSPSS data analysis for univariate, bivariate, and multivariate statistics /
_cby Daniel J. Denis
260 _aHoboken :
_bJohn Wiley,
_c2019
300 _a205 p.
650 0 _aAnalysis of variance
_xData processing.
650 0 _aMultivariate analysis
_xData processing.
650 0 _aMathematical statistics
_xData processing.
942 _cBK